000 01149cam a22003497a 4500
003 CHAP
005 20220329133515.0
008 971013s1986 r 00010 d
010 _a7173
011 _a8145
035 _a7370
040 _cCHAP
090 _aFolleto 13963
100 0 0 _aAlcerreca Aguirre, Carlos.
_93652
245 1 4 _aLos cazadores
_b: animales que viven de otros
260 _aMéxico, D.F. :
_bSecretaría de Educación Pública,
_c1986
300 _a78 p.
_b: ilus.
490 0 _aCiencia. Imágenes de la naturaleza
500 _a64-140
590 _aBATCH-UPD
_b10
_c20130109
_lUCH01
_h2336
590 _aBATCH-UPD
_b10
_c20130110
_lUCH01
_h0107
590 _aBATCH-UPD
_b10
_c20130110
_lUCH01
_h2236
590 _aBATCH-UPD
_b10
_c20130409
_lUCH01
_h1903
590 _aBATCH-UPD
_b10
_c20130410
_lUCH01
_h1531
590 _aBATCH-UPD
_b10
_c20130914
_lUCH01
_h0337
590 _aCONVERSION
_b10
_c20130109
_lUCH01
_h1305
650 1 4 _aAnimales depredadores.
_95887
830 0 _aCiencia. Imágenes de la naturaleza
_923168
901 _aBK
942 _cFOLL
949 _aFolleto 13963
_bBC
_cFOLL
_d-17198
_eTS1
_gI. c/e
_i7370
_si
_t6.00
999 _c7173
_d7173